Metrication matters: a handbook on metrication particularly for those interested in urban and rural property (Record no. 99343)
[ view plain ]
| 000 -LEADER | |
|---|---|
| fixed length control field | 00602cam a2200193 4500 |
| 001 - CONTROL NUMBER | |
| control field | D6144 |
| 008 - FIXED-LENGTH DATA ELEMENTS--GENERAL INFORMATION | |
| fixed length control field | 090401t1971 xxu||||| |||| 00| 0 eng d |
| 035 ## - SYSTEM CONTROL NUMBER | |
| System control number | (Sirsi) u99462 |
| 041 ## - LANGUAGE CODE | |
| Language code of text/sound track or separate title | eng |
| 050 ## - LIBRARY OF CONGRESS CALL NUMBER | |
| Classification number | 389.152 |
| 100 ## - MAIN ENTRY--PERSONAL NAME | |
| Personal name | Johnson, T.A. |
| 245 ## - TITLE STATEMENT | |
| Title | Metrication matters: a handbook on metrication particularly for those interested in urban and rural property |
| 260 ## - PUBLICATION, DISTRIBUTION, ETC. | |
| Place of publication, distribution, etc. | London |
| Name of publisher, distributor, etc. | RICS on behalf of the Chartered Land Soc |
| Date of publication, distribution, etc. | 1971 |
| 300 ## - PHYSICAL DESCRIPTION | |
| Extent | 78p. viii |
| 350 ## - PRICE (NR) (BK AM CF MU VM SE) [OBSOLETE] | |
| Price | 0 |
| 520 ## - SUMMARY, ETC. | |
| Summary, etc. | Shelved at Archives box 1970/23 ABCDE Archives A Reference B Loan CDE |
| 942 ## - ADDED ENTRY ELEMENTS (KOHA) | |
| Suppress in OPAC | 0 |
| 948 ## - LOCAL PROCESSING INFORMATION (OCLC); SERIES PART DESIGNATOR (RLIN) | |
| c (OCLC) | 04/03/1997 |
| Withdrawn status | Lost status | Source of classification or shelving scheme | Damaged status | Not for loan | Home library | Current library | Shelving location | Date acquired | Total Checkouts | Full call number | Barcode | Date last seen | Copy number | Price effective from | Koha item type |
|---|---|---|---|---|---|---|---|---|---|---|---|---|---|---|---|
| Other/Generic Classification Scheme | London | London | RICS Boxes | 17/03/2003 | RICS 1979/23 | 99462-1001 | 06/08/2019 | 1 | 06/08/2019 | Reference material |